Sams teach yourself .NET XML Web Services in 24 hours / (Record no. 29190)

MARC details
000 -LEADER
fixed length control field 01265cam a22003614a 4500
001 - CONTROL NUMBER
control field 12502381
003 - CONTROL NUMBER IDENTIFIER
control field EG-ScBUE
005 - DATE AND TIME OF LATEST TRANSACTION
control field 20210615101040.0
008 - FIXED-LENGTH DATA ELEMENTS--GENERAL INFORMATION
fixed length control field 010814t2002 inua f 001 0 eng d
020 ## - INTERNATIONAL STANDARD BOOK NUMBER
International Standard Book Number 0672323303
020 ## - INTERNATIONAL STANDARD BOOK NUMBER
International Standard Book Number 9780672323300
040 ## - CATALOGING SOURCE
Original cataloging agency DLC
Language of cataloging eng
Description conventions rda
Transcribing agency DLC
Modifying agency DLC
-- EG-ScBUE
082 04 - DEWEY DECIMAL CLASSIFICATION NUMBER
Classification number 005.276
Item number AUG
Edition number 22
100 1# - MAIN ENTRY--PERSONAL NAME
Personal name Augustyniak, Mark,
Relator term author.
245 10 - TITLE STATEMENT
Title Sams teach yourself .NET XML Web Services in 24 hours /
Statement of responsibility, etc Mark Augustyniak.
246 30 - VARYING FORM OF TITLE
Title proper/short title Teach yourself .NET XML Web Services in 24 hours
264 #1 - PUBLICATION, DISTRIBUTION, ETC. (IMPRINT)
Place of publication, distribution, etc Indianapolis, Indiana :
Name of publisher, distributor, etc SAMS,
Date of publication, distribution, etc [2002]
264 #4 - PUBLICATION, DISTRIBUTION, ETC. (IMPRINT)
Date of publication, distribution, etc c2002
300 ## - PHYSICAL DESCRIPTION
Extent xvii, 438 pages :
Other physical details illustrations ;
Dimensions 24 cm
336 ## - CONTENT TYPE
Source rdacontent
Content type term text
Content type code txt
337 ## - MEDIA TYPE
Source rdamedia
Media type term unmediated
Media type code n
338 ## - CARRIER TYPE
Source rdacarrier
Carrier type term volume
Carrier type code nc
500 ## - GENERAL NOTE
General note Includes index.
630 07 - SUBJECT ADDED ENTRY--UNIFORM TITLE
Uniform title Microsoft .NET Framework.
Source of heading or term BUEsh
650 #7 - SUBJECT ADDED ENTRY--TOPICAL TERM
Topical term or geographic name as entry element Web site development.
Source of heading or term BUEsh
650 #7 - SUBJECT ADDED ENTRY--TOPICAL TERM
Topical term or geographic name as entry element XML (Document markup language)
Source of heading or term BUEsh
650 #7 - SUBJECT ADDED ENTRY--TOPICAL TERM
Topical term or geographic name as entry element Internet programming.
Source of heading or term BUEsh
653 ## - INDEX TERM--UNCONTROLLED
Resource For college Informatics and Computer Science
Arrived date list June2021
655 ## - INDEX TERM--GENRE/FORM
Form subdivision Reading book
9 (RLIN) 34232
906 ## - LOCAL DATA ELEMENT F, LDF (RLIN)
a 7
b cbc
c orignew
d 2
e epcn
f 20
g y-gencatlg
942 ## - ADDED ENTRY ELEMENTS (KOHA)
Source of classification or shelving scheme Dewey Decimal Classification
Koha item type Book - Borrowing
Holdings
Withdrawn status Lost status Source of classification or shelving scheme Damaged status Not for loan Collection code Home library Current library Shelving location Date acquired Source of acquisition Total Checkouts Full call number Barcode Date last seen Price effective from Koha item type
    Dewey Decimal Classification     Donation-Gift Central Library Central Library Lower Floor 15/06/2021 Donation   005.276 AUG 000050345 15/07/2025 15/06/2021 Book - Borrowing